| Tag |
First Indicator |
Second Indicator |
Subfields |
| LEADER |
00000pam a2200000 a 4500 |
| 001 |
in00000088952 |
| 005 |
20151008063333.0 |
| 008 |
810528s1981 mnuacf b s00110ceng |
| 010 |
|
|
|a 81010401
|
| 020 |
|
|
|a 0816610320 :
|c $25.00
|
| 020 |
|
|
|a 0816610355 (pbk.) :
|c $12.95
|
| 035 |
|
|
|a (OCoLC)07572404
|
| 035 |
|
|
|9 AAK2041AM
|
| 039 |
0 |
|
|a 2
|b 3
|c 3
|d 3
|e 3
|
| 040 |
|
|
|a DLC
|c DLC
|d TXA
|d UtOrBLW
|
| 041 |
1 |
|
|a eng
|a fre
|
| 043 |
|
|
|a n-us-mn
|
| 049 |
|
|
|a TXAM
|c [932851]
|
| 050 |
0 |
0 |
|a F606
|b .B75313
|
| 082 |
0 |
|
|a 977.6/5
|a B
|2 19
|
| 100 |
1 |
|
|a Bost, Théodore,
|d 1834-1920.
|
| 245 |
1 |
2 |
|a A frontier family in Minnesota :
|b letters of Theodore and Sophie Bost, 1851-1920 /
|c edited and translated by Ralph H. Bowen.
|
| 264 |
|
1 |
|a Minneapolis :
|b University of Minnesota Press,
|c [1981]
|
| 264 |
|
4 |
|c ©1981
|
| 300 |
|
|
|a xxv, 391 pages, 8 unnumbered pages of plates :
|b illustrations, portraits ;
|c 24 cm.
|
| 336 |
|
|
|a text
|b txt
|2 rdacontent
|
| 337 |
|
|
|a unmediated
|b n
|2 rdamedia
|
| 338 |
|
|
|a volume
|b nc
|2 rdacarrier
|
| 500 |
|
|
|a Revised and enl. translation of: Les derniers puritains, pionniers d'Amerique, 1851-1920.
|
| 504 |
|
|
|a Includes bibliographical references and index.
|
| 600 |
1 |
0 |
|a Bost, Théodore,
|d 1834-1920.
|
| 600 |
1 |
0 |
|a Bost, Sophie,
|d 1835-1922.
|
| 650 |
|
0 |
|a Pioneers
|z Minnesota
|x Biography.
|
| 650 |
|
0 |
|a Swiss Americans
|z Minnesota
|x Biography.
|
| 651 |
|
0 |
|a Minnesota
|v Biography.
|
| 700 |
1 |
|
|a Bost, Sophie,
|d 1835-1922.
|
| 700 |
1 |
|
|a Bowen, Ralph Henry,
|d 1919-
|
| 999 |
|
|
|a MARS
|
| 999 |
f |
f |
|s fb942d5b-8eb0-3e78-b69c-dcd015a9d310
|i fd877ad3-cedc-3b32-93b7-759160f9f079
|t 0
|
| 952 |
f |
f |
|p ric
|a Texas A&M University
|b Rellis Campus
|c Joint Library Facility
|d Remote Storage
|t 0
|e F606 .B75313
|h Library of Congress classification
|i unmediated -- volume
|m A14806110151
|
| 998 |
f |
f |
|a F606 .B75313
|t 0
|l Remote Storage
|